| 000 | 00393nam a22001337a 4500 | ||
|---|---|---|---|
| 020 | _a0-471-60861-0 | ||
| 082 | _a005.133-BTC MIL'O | ||
| 100 |
_aQUILICI, A.E ,MILLER, L.H _957217 |
||
| 245 | _aTHE OFFICIAL BORLAND TURBO C ,SURVIVAL GUIDE | ||
| 260 |
_aNEWYORK _bJOHN WILEY _c1988 |
||
| 300 | _aXIX,553P | ||
| 650 |
_aCOMPUTER PROGRAM LANGUAGE-C TURBO C-COMPUTER PROGRAM _957218 |
||
| 942 | _cBK | ||
| 999 |
_c567509 _d567509 |
||